000 00533nam a2200193Ia 4500
005 20250923150122.0
008 008 250917s9999 xx 000 0 eng d
037 _aTextual
040 _aDSWL
_beng
_cDSWL
041 _aeng
_2eng
084 _qDSWL
245 0 _aThinking social science in India : Essays in honour of Alice Thorner
_cEd. by Sujata Patel
260 _aNew Delhi
_b Sage Publication India
_c2002
300 _a468p.
365 _aINR
_b795
925 _g795
942 _cTEXL
999 _c1459756
_d1459756